[Event "Meister-Talente"]
[Site "Emanuel Lasker Arena"]
[Date "2020.11.06"]
[Round "2"]
[White "Psammenitos."]
[Black "Johvon"]
[Result "1/2-1/2"]
[WhiteElo "2496"]
[BlackElo "1878"]
[Annotator "TA"]
[PlyCount "321"]
[EventDate "2020.11.06"]
[EventType "tourn (blitz)"]

{[%evp 9,321,-5,38,30,70,-16,11,0,25,-5,32,37,50,-25,34,33,90,49,241,161,195,234,327,314,316,177,223,191,308,165,133,63,71,54,139,122,136,107,134,73,72,61,62,71,249,93,79,31,39,14,212,72,59,50,41,0,0,0,0,0,0,0,0,0,0,-13,-13,-13,-13,-14,-14,-750,-743,-981,-946,-1175,-1043,-5610,-1575,-4614,-1193,-898,-726,-678,-539,-523,-505,-609,-490,-695,-687,-680,-312,-596,-306,-374,-374,-374,-374,-374,-374,-374,-374,-374,-333,-326,-326,-813,-366,-366,-366,-366,-366,-366,-366,-366,-366,-698,-691,-629,-500,-373,-366,-366,-366,-366,-366,-366,-366,-366,-366,-366,-366,-366,-366,-366,-366,-366,-366,-366,-366,-29964,-29966,-29967,-29969,-29969,-29970,-29970,-29971,-29972,-29973,-29974,-29974,-29975,-29976,-29980,-29981,-29982,-29983,-29985,-29979,-29979,-29976,-29977,-29977,-29977,-29975,-29975,-29977,-29977,-29977,-29977,-29978,-29979,-29980,-29980,-29979,-29979,-29977,-29978,-29979,-29980,-29980,-29980,-29981,-29981,-29982,-29986,-29979,-29982,-29975,-29966,-8232,-6017,-5077,-5788,-5069,-5069,-5069,-5069,-5069,-5069,-4706,-1703,-1017,-518,-19,-64,-62,-78,-48,-60,-8,-8,-8,-8,-8,-8,-8,-8,-8,-8,-8,-8,-8,-8,-8,-8,-8,-8,-8,-8,-8,-8,-8,-8,-8,-8,-8,-8,-8,-8,-8,-79,-79,-29977,-29978,-29978,-29979,-29979,0,-17,-17,-29988,-17,-17,-8,-8,-8,-17,-17,-17,-17,-17,-17,-18,-8,-50,-8,-29987,-29988,-29991,-29992,-29992,-29985,-29986,0,-29992,-29992,-29993,-29994,-29994,-8,-8,-8,-8,-8,-29995,-29996,-29997,-8,-8,-8,-8,0,0,0,-8,0,-8,0,0,0,0,0,0,0,0,0,0,0,0,0,-8]} 1. d4 Nf6 2. Bg5 d5 3. e3 c5 4. c3 Nc6 5. Nd2 h6 6. Bxf6 $1 {[#] D00: 1 d4 d5: Unusual lines.} gxf6 $146 ({Predecessor:} 6... exf6 7. Bd3 Bd6 8. Qf3 Be6 9. Ne2 Qc7 10. Ng3 Bxg3 11. hxg3 c4 12. Bc2 O-O-O {1-0 (48) Sichinava,Z (2343)-Katyshkina,A (1907) St Petersburg 2011}) 7. g3 (7. dxc5 $14 a5 8. a4) 7... e6 8. Bg2 cxd4 9. cxd4 Bd6 10. Ne2 Bd7 11. Rc1 (11. e4 $14) 11... Qa5 (11... Nb4 $11 12. O-O Nxa2) 12. a3 Qa6 (12... f5 $14) 13. O-O Na5 $2 (13... f5 $14) 14. Nc3 Rc8 15. e4 $1 dxe4 16. Ndxe4 Be7 17. d5 (17. Nc5 $142 Bxc5 18. dxc5) 17... f5 18. dxe6 fxe6 (18... Bxe6 {keeps fighting.} 19. Nd5 Rxc1) 19. Qh5+ (19. Qd4 $142 Rf8 20. Rfd1) 19... Kf8 $18 20. Rfd1 (20. Ne2 $1 $16 Nc4 21. Nf4) 20... Be8 $14 21. Qf3 Bf7 (21... Nb3 $14) 22. Nd2 ({But not} 22. Rd7 $6 Nc4 $11) 22... Kg7 23. b4 Nc4 24. Qxb7 ({White should play} 24. Nxc4 $1 {b5 is the strong threat.} Qxc4 25. Qe3 (25. Qxb7 Rc7 $14)) 24... Qxb7 $16 25. Bxb7 Rc7 26. Nxc4 Rxb7 $2 (26... Rxc4 $16 {was worth a try.} 27. Ba6 Rc6) 27. Ne5 $2 (27. Na5 $1 $18 {[%cal Ra5b7] is the precise move to win.} Rc7 28. Nb5 Rxc1 29. Rxc1) 27... a5 28. Nxf7 Kxf7 29. bxa5 Bxa3 $2 (29... Ra8 $11 {and Black stays safe.}) 30. Rb1 (30. Ra1 $1 $18 {[%cal Ra1a3] and the rest is easy.} Bb2 31. Rab1) 30... Ra7 31. Rb5 Rha8 32. Ra1 Rxa5 33. Rb7+ Kf6 34. Ne2 Bd6 35. Rxa5 Rxa5 $11 {[%mdl 4096] Endgame KRB-KRN} 36. Kg2 Ra2 37. Kf3 e5 {Strongly threatening ...e4+.} 38. Rb6 Ke7 39. Rb7+ Ke6 40. Nc3 $2 {[%mdl 8192]} (40. Nc1 $11 e4+ 41. Kg2) 40... Ra3 $19 41. Rh7 Rxc3+ {KRB-KR} 42. Ke2 Rc2+ 43. Kf3 Bf8 44. Rh8 Bg7 45. Ra8 Rc3+ 46. Ke2 Rc6 47. Ra7 Kf6 48. h4 Re6 49. Kf3 (49. f3 $142) 49... e4+ 50. Kf4 Kg6 {[#]} (50... h5 $142 {[%cal Rg7h6]} 51. Ke3 Rb6) 51. Ra5 $2 (51. h5+ $1 {[%mdl 512] was the only chance.} Kf6 (51... Kxh5 52. Rxg7) 52. Ra5) 51... Bf8 52. Rxf5 Bd6+ 53. Kg4 e3 54. h5+ Kg7 55. fxe3 Rxe3 56. Rf3 Re4+ 57. Kh3 Re5 58. g4 $2 (58. Kh4) 58... Be7 (58... Re2 $142 {[%csl Gd6][%cal Re2h2]} 59. Kh4 Rd2) 59. Rd3 Bg5 60. Rf3 Re4 61. Kg3 Be7 62. Rf5 Re3+ 63. Rf3 $2 (63. Kf4 Ra3 64. Rb5) 63... Bd6+ 64. Kf2 Re4 65. Rd3 Bc5+ 66. Kf3 Re7 67. Rd5 Be3 68. Rf5 Bg5 69. Kg3 Re3+ 70. Kf2 {Black must now prevent Rxg5+!} Rh3 71. Kg2 Rh4 72. Kg3 Rh1 73. Kg2 Ra1 74. Kg3 Ra4 75. Kg2 $2 (75. Rb5 $19) 75... Rxg4+ 76. Kh3 Rh4+ 77. Kg2 Rxh5 78. Rb5 Rh4 79. Kg3 Ra4 80. Rb6 Bf6 81. Kf3 h5 82. Kg3 h4+ 83. Kh3 Ra3+ 84. Kg4 Rg3+ 85. Kf4 Rg6 86. Rb3 Kh6 87. Kf5 Bg5 88. Kg4 Be7+ 89. Kh3 Kh5 90. Rb5+ Bg5 91. Ra5 Rb6 92. Ra3 Rb1 93. Rc3 Rh1+ 94. Kg2 Rd1 95. Kh3 Rd2 96. Rb3 Rd5 97. Ra3 Bf4 98. Rb3 Bg3 99. Rc3 Ra5 100. Rb3 Ra1 (100... Kg5 $142 101. Rd3 Be5 102. Re3 Rb5 103. Rf3 Rb1 104. Kg2 Rb2+ 105. Rf2 Rb3 106. Rf1 Kg4 107. Kh1 Kh3 108. Rg1 Bh2 109. Rd1 Rb2 110. Rf1 Bg3 111. Ra1 Rh2+ 112. Kg1 Bf2+ 113. Kf1 Rh1+ 114. Ke2 Rxa1 115. Kf3 Rc1 116. Kf4 Kg2 117. Kf5 h3 118. Kg6 h2 119. Kf5 h1=Q 120. Kg5 Rc6 121. Kf5 Qh5+ 122. Ke4 Rd6 123. Kf4 Rd4#) 101. Rb5+ Kg6 102. Kg4 Rh1 103. Rb6+ Kf7 104. Ra6 Bf2 105. Ra2 Be1 106. Ra6 Ke7 107. Rb6 h3 $2 ({Black should try} 107... Bc3 $19 108. Rb7+ Ke6 109. Rb6+ Kf7 110. Rb7+ Kg6) 108. Rh6 h2 109. Kf3 Bb4 {And now ...Bd6 would win.} 110. Kg2 Rc1 (110... Rg1+ $1 $15 111. Kxh2 Rg7) 111. Kxh2 $11 Bd6+ 112. Kg2 Rc2+ 113. Kf3 Rc4 114. Rh7+ Ke6 115. Rh6+ Kd5 116. Rh8 Rc3+ 117. Ke2 Ke4 118. Re8+ Be5 119. Kd2 Ra3 120. Kc2 Ra7 121. Rg8 Rb7 122. Rg4+ Ke3 123. Rg8 Rb2+ 124. Kc1 Rh2 125. Re8 Kd4 126. Rd8+ (126. Kd1 $11) 126... Kc3 $1 $17 127. Rc8+ $2 {[%mdl 8192] [#]} (127. Kd1 $17) 127... Kd3 $1 {[%cal Rh2h1]} 128. Kb1 Rb2+ 129. Kc1 Rh2 $2 (129... Ra2 130. Kd1 Rf2 131. Rd8+ Bd4 132. Re8 Bf6 133. Re6 Bc3 134. Rd6+ Bd4 135. Re6 Rd2+ 136. Ke1 Ra2 137. Kf1 Rf2+ 138. Ke1 Rg2 139. Kd1 Rd2+ 140. Ke1 Rc2 141. Kf1 Rf2+ 142. Ke1 Rg2 143. Kd1 Rd2+) 130. Kb1 $1 $11 Bd4 {aiming for ...Rb2+.} 131. Rg8 $2 {[%mdl 8192]} (131. Rc7 $11) 131... Rh1+ $2 (131... Rb2+ 132. Kc1 Rb7 133. Rd8 Rh7 134. Kb1 Ra7 135. Rxd4+ Kxd4 136. Kc2 Kc4 137. Kd2 Re7 138. Kc2 Re2+ 139. Kd1 Kd3 140. Kc1 Kc3 141. Kb1 Re1+ 142. Ka2 Rd1 143. Ka3 Ra1#) 132. Ka2 Rh7 133. Rg3+ Kc2 134. Ka3 Bc3 {[%cal Rh7a7]} 135. Rg4 Ra7+ 136. Ra4 Rb7 137. Rh4 Rb1 {[%cal Rb1a1]} 138. Rh2+ Kd3 139. Rh3+ $2 {[%mdl 8192] [#]} (139. Rh6 $11) 139... Kc4 $1 {[%cal Rb1a1]} 140. Rh4+ Bd4 {[%cal Rb1a1]} 141. Rh2 Ra1+ 142. Ra2 Rb1 143. Rh2 $1 Rb7 {[%cal Rb7a7]} 144. Ka2 Ra7+ 145. Kb1 Kb3 $2 (145... Ra1+ 146. Kc2 Ra2+ 147. Kb1 Rxh2 148. Kc1 Kc3 149. Kb1 Kd3 150. Kc1 Rh1#) 146. Rb2+ $1 Kc3 147. Rc2+ Kd3 {[%csl Gd4][%cal Ra7a1]} 148. Ra2 $2 {[%mdl 8192]} (148. Rd2+ $11 Kc3 149. Rc2+ Kd3 150. Rd2+ Kc3 151. Rc2+) 148... Rb7+ 149. Kc1 Rg7 $2 (149... Be3+ {mates} 150. Rd2+ Bxd2+ 151. Kd1 Rb1#) 150. Rd2+ {The position is equal.} Kc3 151. Rc2+ Kd3 {[%cal Rg7g1]} 152. Rd2+ Kc4 {( -> ...Be3!)} 153. Kd1 (153. Rh2 {seems wilder.} Rg1+ 154. Kd2 Bc3+ 155. Kc2 Rf1 156. Rh3) 153... Re7 154. Re2 Be3 155. Kc2 Kd4 156. Re1 Rc7+ 157. Kb3 Rb7+ 158. Kc2 Bf4 159. Rd1+ Kc4 160. Rh1 Be5 161. Rb1 {Both players deserved the win here. Av CentiPawn Loss W=-42/B=-87. Weighted=-67/-113} 1/2-1/2

[Event "Meister-Talente"]
[Site "Emanuel Lasker Arena"]
[Date "2020.11.06"]
[Round "2"]
[White "Beyond_uoschi"]
[Black "JR43"]
[Result "1-0"]
[WhiteElo "2153"]
[BlackElo "1620"]
[Annotator "NA RC"]
[PlyCount "107"]
[EventDate "2020.11.06"]
[EventType "tourn (blitz)"]
[BlackTeam "SV Werder Bremen I"]

{- Reuker, Jari (2394)} 1. d4 {[%emt 0:00:02]} Nf6 {[%emt 0:00:07]} 2. c4 {[%emt 0:00:01]} g6 {[%emt 0:00:02]} 3. Nc3 {[%emt 0:00:01]} Bg7 {[%emt 0:00:24]} 4. e4 {[%emt 0:00:02]} d6 {[%emt 0:00:02]} 5. f3 {[%emt 0:00:01]} O-O {[%emt 0:00:04]} 6. Be3 {[%emt 0:00:01]} a6 {[%emt 0:00:01]} 7. Qd2 {[%emt 0:00:02]} Nbd7 {[%emt 0:00:04]} 8. Nge2 {[%emt 0:00:01]} b5 {[%emt 0:00:02]} 9. cxb5 {[%emt 0:00:01]} axb5 {[%emt 0:00:00]} 10. Nxb5 {[%emt 0:00:00]} c6 {[%emt 0:00:01]} 11. Nbc3 {[%emt 0:00:01]} e5 {[%emt 0:00:01]} 12. Rd1 {[%emt 0:00:27]} d5 {[%emt 0:00:33]} 13. exd5 {[%emt 0:00:20]} cxd5 {[%emt 0:00:07]} 14. Nc1 {[%emt 0:00:03]} Re8 {[%emt 0:00:45]} 15. Be2 {[%emt 0:00:01]} exd4 {[%emt 0:00:39]} 16. Bxd4 {[%emt 0:00:00]} Ne5 {[%emt 0:00:05]} 17. O-O {[%emt 0:00:07]} Nc6 {[%emt 0:00:21]} 18. Bxf6 {[%emt 0:00:19]} Bxf6 {[%emt 0:00:09]} 19. Nxd5 {[%emt 0:00:01]} Bd4+ {[%emt 0:00:01]} 20. Kh1 {[%emt 0:00:31]} Qxd5 {[%emt 0:00:02]} 21. Nb3 {[%emt 0:00:00]} Rxa2 {[%emt 0:00:07]} 22. Qc2 {[%emt 0:00:09]} Rxb2 {[%emt 0:00:05]} 23. Qxb2 {[%emt 0:00:02]} Bxb2 {[%emt 0:00:02]} 24. Rxd5 {[%emt 0:00:00]} Rxe2 {[%emt 0:00:01]} 25. Rd2 {[%emt 0:00:19]} Rxd2 {[%emt 0:00:01]} 26. Nxd2 {[%emt 0:00:00]} Bf6 {[%emt 0:00:01]} 27. Ne4 {[%emt 0:00:01]} Be7 {[%emt 0:00:01]} 28. Rc1 {[%emt 0:00:00]} Bd7 {[%emt 0:00:01]} 29. Rb1 {[%emt 0:00:04]} Kg7 {[%emt 0:00:02]} 30. Rb7 {[%emt 0:00:01]} Ne5 {[%emt 0:00:00]} 31. f4 {[%emt 0:00:04]} Bf5 {[%emt 0:00:04]} 32. fxe5 {[%emt 0:00:05]} Bxe4 {[%emt 0:00:06]} 33. Rxe7 {[%emt 0:00:01]} Bd5 {[%emt 0:00:00]} 34. Kg1 {[%emt 0:00:04]} g5 {[%emt 0:00:01]} 35. Kf2 {[%emt 0:00:03]} Kg6 {[%emt 0:00:01]} 36. g4 {[%emt 0:00:02]} Be6 {[%emt 0:00:02]} 37. h3 {[%emt 0:00:02]} h5 {[%emt 0:00:01]} 38. Kf3 {[%emt 0:00:02]} Bd5+ {[%emt 0:00:02]} 39. Kg3 {[%emt 0:00:01]} Be6 {[%emt 0:00:00]} 40. Ra7 {[%emt 0:00:05]} Bd5 {[%emt 0:00:01]} 41. Ra1 {[%emt 0:00:07]} Be6 {[%emt 0:00:01]} 42. Rf1 {[%emt 0:00:01]} hxg4 {[%emt 0:00:02]} 43. Rf6+ {[%emt 0:00:00]} Kg7 {[%emt 0:00:01]} 44. hxg4 {[%emt 0:00:00]} Bd7 {[%emt 0:00:01]} 45. Kf3 {[%emt 0:00:21]} Be6 {[%emt 0:00:02]} 46. Rxe6 {[%emt 0:00:01]} fxe6 {[%emt 0:00:00]} 47. Ke4 {[%emt 0:00:00]} Kf7 {[%emt 0:00:05]} 48. Kd4 {[%emt 0:00:00]} Ke7 {[%emt 0:00:06]} 49. Kc5 {[%emt 0:00:00]} Kd7 {[%emt 0:00:03]} 50. Kb6 {[%emt 0:00:01]} Kd8 {[%emt 0:00:03]} 51. Kc6 {[%emt 0:00:00]} Ke7 {[%emt 0:00:01]} 52. Kc7 {[%emt 0:00:00]} Ke8 {[%emt 0:00:01]} 53. Kd6 {[%emt 0:00:00]} Kf7 {[%emt 0:00:00]} 54. Kd7 {[%emt 0:00:00] JR43 gibt auf (Lag: Av=0.66s, max=1.1s)} 1-0

[Event "Meister-Talente"]
[Site "Emanuel Lasker Arena"]
[Date "2020.11.06"]
[Round "2"]
[White "Ailton_32"]
[Black "HannesFM"]
[Result "1/2-1/2"]
[WhiteElo "2011"]
[BlackElo "1620"]
[Annotator "NA RC"]
[PlyCount "95"]
[EventDate "2020.11.06"]
[EventType "tourn (blitz)"]

1. e4 {[%emt 0:00:07]} e5 {[%emt 0:00:03]} 2. Nf3 {[%emt 0:00:01]} Nc6 {[%emt 0:00:01]} 3. Bc4 {[%emt 0:00:01]} Bc5 {[%emt 0:00:03]} 4. c3 {[%emt 0:00:03]} Nf6 {[%emt 0:00:01]} 5. d4 {[%emt 0:00:01]} exd4 {[%emt 0:00:01]} 6. e5 {[%emt 0:00:01]} d5 {[%emt 0:00:01]} 7. Bb5 {[%emt 0:00:04]} Ne4 {[%emt 0:00:01]} 8. cxd4 {[%emt 0:00:03]} Bb6 {[%emt 0:00:01]} 9. Nc3 {[%emt 0:00:03]} O-O {[%emt 0:00:02]} 10. Be3 {[%emt 0:00:02]} Bg4 {[%emt 0:00:20]} 11. h3 {[%emt 0:00:02]} Bh5 {[%emt 0:00:02]} 12. Qc2 {[%emt 0:00:04]} Nxc3 {[%emt 0:00:35]} 13. bxc3 {[%emt 0:00:03]} f6 {[%emt 0:00:05]} 14. Bxc6 {[%emt 0:01:07]} bxc6 {[%emt 0:00:05]} 15. exf6 {[%emt 0:00:01]} Qxf6 {[%emt 0:00:18]} 16. Ne5 {[%emt 0:00:03]} Qd6 {[%emt 0:00:18]} 17. O-O {[%emt 0:00:24]} Rae8 {[%emt 0:00:22]} 18. f4 {[%emt 0:00:09]} c5 {[%emt 0:00:04]} 19. a4 {[%emt 0:00:18]} a5 {[%emt 0:00:29]} 20. Rae1 {[%emt 0:00:32]} Bg6 {[%emt 0:00:18]} 21. Qc1 {[%emt 0:00:22]} Be4 {[%emt 0:00:04]} 22. Kh1 {[%emt 0:00:02]} Qe6 {[%emt 0:00:21]} 23. Kh2 {[%emt 0:00:01]} c4 {[%emt 0:00:01]} 24. g4 {[%emt 0:00:02]} c6 {[%emt 0:00:01]} 25. f5 {[%emt 0:00:01]} Qe7 {[%emt 0:00:01]} 26. Bf4 {[%emt 0:00:01]} Rc8 {[%emt 0:00:09]} 27. Qd2 {[%emt 0:00:06]} c5 {[%emt 0:00:02]} 28. dxc5 {[%emt 0:00:04]} Bxc5 {[%emt 0:00:03]} 29. Nf3 {[%emt 0:00:00]} Qa7 {[%emt 0:00:01]} 30. Be3 {[%emt 0:00:04]} Rfe8 {[%emt 0:00:01]} 31. Nd4 {[%emt 0:00:01]} Rb8 {[%emt 0:00:01]} 32. Bf4 {[%emt 0:00:01]} Rb6 {[%emt 0:00:02]} 33. Kg3 {[%emt 0:00:01]} Qb7 {[%emt 0:00:02]} 34. Qe3 {[%emt 0:00:01]} Bxd4 {[%emt 0:00:01]} 35. Qxd4 {[%emt 0:00:01]} Rb2 {[%emt 0:00:01]} 36. Rf2 {[%emt 0:00:01]} Rxf2 {[%emt 0:00:01]} 37. Qxf2 {[%emt 0:00:00]} Qb3 {[%emt 0:00:01]} 38. Qd4 {[%emt 0:00:01]} Qxa4 {[%emt 0:00:01]} 39. f6 {[%emt 0:00:01]} Qc2 {[%emt 0:00:01]} 40. fxg7 {[%emt 0:00:03]} Qg2+ {[%emt 0:00:01]} 41. Kh4 {[%emt 0:00:01]} Qf3 {[%emt 0:00:01]} 42. Qf6 {[%emt 0:00:04]} Qf2+ {[%emt 0:00:02]} 43. Kg5 {[%emt 0:00:03]} Qxe1 {[%emt 0:00:02]} 44. Bd6 {[%emt 0:00:03]} Qe3+ {[%emt 0:00:09]} 45. Kh4 {[%emt 0:00:03]} Qe1+ {[%emt 0:00:01]} 46. Kg5 {[%emt 0:00:05]} Qe3+ {[%emt 0:00:01]} 47. Kh4 {[%emt 0:00:01]} Qe1+ {[%emt 0:00:02]} 48. Kg5 {[%emt 0:00:11] (Lag: Av=0.61s, max=4.0s)} 1/2-1/2

[Event "Meister-Talente"]
[Site "Emanuel Lasker Arena"]
[Date "2020.11.06"]
[Round "2"]
[White "Sreyas2008"]
[Black "Tschigorinfan97"]
[Result "0-1"]
[WhiteElo "1892"]
[BlackElo "2202"]
[Annotator "NA RC"]
[PlyCount "82"]
[EventDate "2020.11.06"]
[EventType "tourn (blitz)"]

1. e4 {[%emt 0:00:02]} c5 {[%emt 0:00:04]} 2. Nc3 {[%emt 0:00:05]} Nc6 {[%emt 0:00:02]} 3. f4 {[%emt 0:00:02]} g6 {[%emt 0:00:01]} 4. Nf3 {[%emt 0:00:03]} Bg7 {[%emt 0:00:05]} 5. Bb5 {[%emt 0:00:03]} Nd4 {[%emt 0:00:02]} 6. O-O {[%emt 0:00:02]} Nxb5 {[%emt 0:00:03]} 7. Nxb5 {[%emt 0:00:00]} a6 {[%emt 0:00:01]} 8. Na3 {[%emt 0:00:02]} b5 {[%emt 0:00:03]} 9. c3 {[%emt 0:00:02]} Bb7 {[%emt 0:00:02]} 10. Re1 {[%emt 0:00:08]} Nf6 {[%emt 0:00:04]} 11. e5 {[%emt 0:00:02]} Nd5 {[%emt 0:00:02]} 12. d4 {[%emt 0:00:01]} cxd4 {[%emt 0:00:07]} 13. Nxd4 {[%emt 0:00:02]} O-O {[%emt 0:00:08]} 14. Nac2 {[%emt 0:00:04]} Nb6 {[%emt 0:00:04]} 15. Ne3 {[%emt 0:00:10]} d6 {[%emt 0:00:06]} 16. Ng4 {[%emt 0:00:07]} dxe5 {[%emt 0:00:08]} 17. fxe5 {[%emt 0:00:00]} Qd5 {[%emt 0:00:10]} 18. Qe2 {[%emt 0:00:02]} h5 {[%emt 0:00:09]} 19. Nh6+ {[%emt 0:00:30]} Kh7 {[%emt 0:00:14]} 20. Nhf5 {[%emt 0:00:18]} Bxe5 {[%emt 0:00:35]} 21. Nf3 {[%emt 0:00:35]} Bxh2+ {[%emt 0:00:24]} 22. Kxh2 {[%emt 0:00:08]} Qxf5 {[%emt 0:00:00]} 23. Ng5+ {[%emt 0:00:02]} Kg8 {[%emt 0:00:08]} 24. b3 {[%emt 0:00:40]} Nd5 {[%emt 0:00:24]} 25. Rf1 {[%emt 0:00:33]} Qg4 {[%emt 0:00:07]} 26. Qxg4 {[%emt 0:00:02]} hxg4 {[%emt 0:00:00]} 27. Bb2 {[%emt 0:00:01]} Rac8 {[%emt 0:00:14]} 28. Rac1 {[%emt 0:00:03]} Ne3 {[%emt 0:00:10]} 29. Rfe1 {[%emt 0:00:02]} Nf5 {[%emt 0:00:04]} 30. c4 {[%emt 0:00:05]} bxc4 {[%emt 0:00:02]} 31. bxc4 {[%emt 0:00:01]} f6 {[%emt 0:00:04]} 32. Ne6 {[%emt 0:00:01]} Rfe8 {[%emt 0:00:01]} 33. Nf4 {[%emt 0:00:01]} Kf7 {[%emt 0:00:01]} 34. c5 {[%emt 0:00:02]} Bc6 {[%emt 0:00:02]} 35. Ne6 {[%emt 0:00:01]} Rh8+ {[%emt 0:00:06]} 36. Kg1 {[%emt 0:00:03]} Rb8 {[%emt 0:00:01]} 37. Ba1 {[%emt 0:00:01]} Bd5 {[%emt 0:00:04]} 38. Kf2 {[%emt 0:00:02]} Bxe6 {[%emt 0:00:02]} 39. c6 {[%emt 0:00:04]} g3+ {[%emt 0:00:02]} 40. Kf3 {[%emt 0:00:02]} Bd5+ {[%emt 0:00:01]} 41. Kf4 {[%emt 0:00:01]} Rh4# {[%emt 0:00:04] Mate} 0-1

[Event "Meister-Talente"]
[Site "Emanuel Lasker Arena"]
[Date "2020.11.06"]
[Round "2"]
[White "Jan2020"]
[Black "PeterLaFleur"]
[Result "1-0"]
[WhiteElo "1831"]
[BlackElo "2172"]
[Annotator "NA RC"]
[PlyCount "63"]
[EventDate "2020.11.06"]
[EventType "tourn (blitz)"]

1. Nf3 {[%emt 0:00:04]} d5 {[%emt 0:00:02]} 2. e3 {[%emt 0:00:01]} Nf6 {[%emt 0:00:05]} 3. c4 {[%emt 0:00:03]} c6 {[%emt 0:00:02]} 4. Nc3 {[%emt 0:00:04]} Bg4 {[%emt 0:00:11]} 5. Qb3 {[%emt 0:00:23]} Bc8 {[%emt 0:00:14]} 6. d4 {[%emt 0:00:09]} e6 {[%emt 0:00:02]} 7. Be2 {[%emt 0:00:17]} a5 {[%emt 0:00:06]} 8. c5 {[%emt 0:00:13]} Nbd7 {[%emt 0:00:04]} 9. O-O {[%emt 0:00:15]} b6 {[%emt 0:00:02]} 10. cxb6 {[%emt 0:00:11]} Qxb6 {[%emt 0:00:00]} 11. Qc2 {[%emt 0:00:06]} Ba6 {[%emt 0:00:09]} 12. Na4 {[%emt 0:00:05]} Qb7 {[%emt 0:00:03]} 13. b3 {[%emt 0:00:19]} Bxe2 {[%emt 0:00:06]} 14. Qxe2 {[%emt 0:00:00]} c5 {[%emt 0:00:00]} 15. Ba3 {[%emt 0:00:09]} cxd4 {[%emt 0:00:06]} 16. Bxf8 {[%emt 0:00:02]} Kxf8 {[%emt 0:00:02]} 17. Nxd4 {[%emt 0:00:09]} Ke7 {[%emt 0:00:03]} 18. Rfc1 {[%emt 0:00:04]} Rhc8 {[%emt 0:00:02]} 19. Rc2 {[%emt 0:00:06]} Rxc2 {[%emt 0:00:03]} 20. Qxc2 {[%emt 0:00:01]} Rc8 {[%emt 0:00:02]} 21. Qb2 {[%emt 0:00:14]} Kf8 {[%emt 0:00:43]} 22. Rc1 {[%emt 0:00:11]} g6 {[%emt 0:00:08]} 23. g3 {[%emt 0:00:24]} Kg7 {[%emt 0:00:08]} 24. Rc2 {[%emt 0:00:07]} Rxc2 {[%emt 0:00:09]} 25. Qxc2 {[%emt 0:00:00]} Ne5 {[%emt 0:00:08]} 26. Nc5 {[%emt 0:00:12]} Qb4 {[%emt 0:00:14]} 27. Kg2 {[%emt 0:00:03]} Qe1 {[%emt 0:00:10]} 28. Nd3 {[%emt 0:00:01]} Nxd3 {[%emt 0:00:02]} 29. Qxd3 {[%emt 0:00:00]} Ne4 {[%emt 0:00:05]} 30. Qc2 {[%emt 0:00:01]} e5 {[%emt 0:00:07]} 31. Nf3 {[%emt 0:00:02]} f6 {[%emt 0:00:01]} 32. Nxe1 {[%emt 0:00:02] PeterLaFleur resigns (Lag: Av=0.28s, max=0.4s)} 1-0

[Event "Meister-Talente"]
[Site "Emanuel Lasker Arena"]
[Date "2020.11.06"]
[Round "2"]
[White "Opel 2004"]
[Black "Torjaeger10"]
[Result "0-1"]
[WhiteElo "1769"]
[BlackElo "1620"]
[Annotator "NA RC"]
[PlyCount "66"]
[EventDate "2020.11.06"]
[EventType "tourn (blitz)"]

1. d4 {[%emt 0:00:05]} Nf6 {[%emt 0:00:03]} 2. Bf4 {[%emt 0:00:02]} c5 {[%emt 0:00:08]} 3. e3 {[%emt 0:00:02]} Qb6 {[%emt 0:00:03]} 4. Nc3 {[%emt 0:00:03]} Qxb2 {[%emt 0:00:04]} 5. Nb5 {[%emt 0:00:01]} Nd5 {[%emt 0:00:01]} 6. Rb1 {[%emt 0:00:03]} Qxa2 {[%emt 0:00:02]} 7. Ra1 {[%emt 0:00:01]} Qb2 {[%emt 0:00:01] Opel 2004 reconnected. Opel 2004 reconnected. Opel 2004 reconnected. Opel 2004 reconnected.} 8. Rxa7 {[%emt 0:00:09] Opel 2004 reconnected.} Rxa7 {[%emt 0:00:13]} 9. Nxa7 {[%emt 0:00:04] Torjaeger10 reconnected. Opel 2004 reconnected. Opel 2004 reconnected.} Qc3+ {[%emt 0:00:55]} 10. Ke2 {[%emt 0:00:02]} Qa5 {[%emt 0:00:03] Opel 2004 reconnected. Opel 2004 reconnected.} 11. Nb5 {[%emt 0:00:08] Opel 2004 reconnected.} Qxb5+ {[%emt 0:00:07]} 12. Kf3 {[%emt 0:00:13] Opel 2004 reconnected.} Qc6 {[%emt 0:00:12]} 13. Bxb8 {[%emt 0:00:04] Opel 2004 reconnected. Opel 2004 reconnected.} d6 {[%emt 0:00:38] Opel 2004 reconnected. Opel 2004 reconnected.} 14. e4 {[%emt 0:00:30] Opel 2004 reconnected.} Nf6 {[%emt 0:00:04]} 15. d5 {[%emt 0:00:11] Opel 2004 reconnected.} Qa4 {[%emt 0:00:10]} 16. Qd3 {[%emt 0:00:21]} Bg4+ {[%emt 0:00:04]} 17. Ke3 {[%emt 0:00:07]} g6 {[%emt 0:00:08] Opel 2004 reconnected.} 18. f3 {[%emt 0:00:02]} Bh6+ {[%emt 0:00:04]} 19. Kf2 {[%emt 0:00:09]} O-O {[%emt 0:00:02]} 20. Bc7 {[%emt 0:00:18]} Qa7 {[%emt 0:00:09]} 21. Ne2 {[%emt 0:00:11]} b5 {[%emt 0:00:13]} 22. fxg4 {[%emt 0:00:06]} c4+ {[%emt 0:00:02]} 23. Qd4 {[%emt 0:00:02]} Qxc7 {[%emt 0:00:12]} 24. h3 {[%emt 0:00:12]} Bg7 {[%emt 0:00:01]} 25. Qe3 {[%emt 0:00:05]} Rb8 {[%emt 0:00:01]} 26. Ng3 {[%emt 0:00:04]} b4 {[%emt 0:00:02]} 27. g5 {[%emt 0:00:01]} Nd7 {[%emt 0:00:03]} 28. Be2 {[%emt 0:00:09]} b3 {[%emt 0:00:01]} 29. cxb3 {[%emt 0:00:09]} Rxb3 {[%emt 0:00:00]} 30. Qd2 {[%emt 0:00:15] Opel 2004 reconnected.} Qb6+ {[%emt 0:00:02]} 31. Kf1 {[%emt 0:00:08]} Rxg3 {[%emt 0:00:02]} 32. Bd1 {[%emt 0:00:02]} Rd3 {[%emt 0:00:02]} 33. Qf2 {[%emt 0:00:01]} Rxd1+ {[%emt 0:00:02] Opel 2004 gibt auf (Lag: Av=0.36s, max=1.1s) Torjaeger10 reconnected.} 0-1